Normal view
MARC view
Entry Personal Name
001 - CONTROL NUMBER
- control field: 32718
003 - CONTROL NUMBER IDENTIFIER
- control field: ARRUPE
005 - DATE AND TIME OF LATEST TRANSACTION
- control field: 20170703103912.0
008 - FIXED-LENGTH DATA ELEMENTS
- fixed length control field: 170703|| aca||aabn | a|a d
040 ## - CATALOGING SOURCE
- Original cataloging agency: ARRUPE
- Transcribing agency: ARRUPE
100 ## - HEADING--PERSONAL NAME
- Personal name: Robinson, James M.
- Fuller form of name: (James McConkey),
- Dates associated with a name: 1924,
- Relator term: ed.
670 ## - SOURCE DATA FOUND
- Source citation: Work cat.: (ARRUPE)32096: International Congress of Learned Societies in the Field of Religion, Los Angeles, 1972. 32716, Religion and the humanizing of man;, 1973.